000 00817nam a22002537a 4500
001 3462
003 FISKH
005 20240307134104.0
008 240307b cb ||||| |||| 00| 0 eng d
040 _aFISK
_beng
_cFISK
_dFISK
050 _aPZ7.S6287
082 _a303
100 _aFerguson Skurzynski
_d1930-
245 _aDeadly waters /
_cSkurzynski Ferguson
260 _aNew York :
_bScholastic,
_c2003
300 _a143 pages :
_c20 cm
490 _3Mysteries in our national parks
505 _aM
520 _aWhile visiting the Everglades National Park with their parents, the Landon children uncover the mystery of dying manatees and learn important lessons about the natural environment.
521 8 _a770
_bLexile
700 _aSkurzynski Ferguson
942 _2ddc
_cBK
_n0
999 _c3462
_d3462